Pares de países fronterizos que empiezan por la misma letra - Estadísticas

Estadísticas generales
  • Esta prueba ha sido intentada 39 veces
  • La puntuación promedio es 19 de 24
Estadísticas de respuestas
Continente Letra Respuesta % Correcto
Europa A Alemania - Austria
94%
Europa L Letonia - Lituania
94%
África N Níger - Nigeria
91%
Asia C Corea del Norte - Corea del Sur
88%
África S Sudán - Sudán del Sur
88%
Asia K Kazajistán - Kirguistán
84%
África Z Zambia - Zimbabue
84%
América B Bolivia - Brasil
81%
África E Eritrea - Etiopía
81%
Asia I Irak - Irán
81%
África M Marruecos - Mauritania
81%
África R República Centroafricana - República del Congo
81%
África R República Centroafricana - República Democrática del Congo
81%
Asia A Armenia - Azerbaiyán
78%
África G Guinea - Guinea Bisáu
78%
África M Malí - Mauritania
78%
Asia C China - Corea del Norte
69%
África G Gabón - Guinea Ecuatorial
69%
África R República Democrática del Congo - Ruanda
69%
África R República del Congo - República Democrática del Congo
66%
África M Malaui - Mozambique
63%
África B Benín - Burkina Faso
59%
África C Camerún - Chad
59%
Asia B Bangladés - Birmania
56%
No se encontraron pruebas coincidentes
Distribución de puntuación
Porcentaje de gente con cada puntuación
Porcentaje por número respondido
Historial de tus puntuaciones
No has intentado esta prueba.